[Event "MCech mladeze 2018 - HD14"]
[Site "Harrachov"]
[Date "2018.10.29"]
[Round "3"]
[White "Kulhanek, Jachym"]
[Black "Zemanova, Nikola"]
[Result "1-0"]
[WhiteElo "1553"]
[BlackElo "1348"]
[EventDate "2018.10.27"]
[PlyCount "89"]

1. e4 e6 2. d3 d5 3. Nd2 Nf6 4. g3 c5 5. Bg2 Nc6 6. Ngf3 Be7 7. O-O O-O 8. Re1
b6 9. e5 Nd7 10. Nf1 Bb7 11. h4 Qc7 12. Bf4 a5 13. Bh3 d4 14. h5 h6 15. N1h2
Bg5 16. Bxg5 hxg5 17. Nxg5 Ncxe5 18. Bxe6 Rfe8 19. Bf5 Nf6 20. Ne4 Nxe4 21.
Bxe4 Bxe4 22. Rxe4 Qd7 23. Qe2 f6 24. Re1 Qh3 25. Nf3 Qxh5 26. Nxe5 Qxe2 27.
R1xe2 fxe5 28. Rxe5 Rxe5 29. Rxe5 Kf7 30. Kg2 Kf6 31. f4 Rg8 32. Kf3 g5 33.
Rxg5 Rxg5 34. fxg5+ Kxg5 35. Ke4 Kg4 36. Kd5 Kxg3 37. Kc6 Kf3 38. Kxb6 Ke3 39.
Kxc5 Kd2 40. b4 Kxc2 41. bxa5 Kxd3 42. a6 Ke2 43. Kxd4 Kd2 44. a7 Kc2 45. a8=Q
1-0

[Event "MCech mladeze 2018 - HD14"]
[Site "Harrachov"]
[Date "2018.10.29"]
[Round "3"]
[White "Strnadova, Monika"]
[Black "Starikova, Vassilina"]
[Result "1/2-1/2"]
[WhiteElo "1532"]
[BlackElo "1327"]
[EventDate "2018.10.27"]
[PlyCount "121"]

1. d4 Nf6 2. Bf4 d6 3. e3 g6 4. Nf3 Bg7 5. c3 Nbd7 6. Bd3 O-O 7. Qc2 Re8 8.
Nbd2 b6 9. h4 Bb7 10. h5 Nxh5 11. Rxh5 gxh5 12. Bxh7+ Kf8 13. Qf5 e6 14. Qxh5
Nf6 15. Qh3 Ke7 16. Qg3 Bf8 17. Bg5 Kd7 18. Bg8 Qe7 19. e4 Bxe4 20. Bxf6 Qxf6
21. Nxe4 Qf5 22. Bh7 Qb5 23. Nf6+ Kd8 24. Qg5 Qxg5 25. Nxg5 Be7 26. Nxe8 Bxg5
27. Ng7 Ke7 28. Be4 Rh8 29. g4 Rh4 30. Bf3 Kd7 31. Ke2 c5 32. Rh1 Rxh1 33. Bxh1
cxd4 34. Nh5 dxc3 35. bxc3 d5 36. f4 Be7 37. f5 Kd6 38. f6 Bd8 39. Kd3 Ke5 40.
c4 dxc4+ 41. Kxc4 Kd6 42. Kd4 a6 43. Ke4 a5 44. Kf4 Bc7 45. Kg5 Kd7 46. Kh6 e5
47. Bd5 b5 48. Bxf7 e4 49. Kg7 Bd6 50. Bd5 e3 51. Bf3 b4 52. f7 a4 53. Nf6+ Ke6
54. Nd5 e2 55. Bxe2 Kxd5 56. f8=Q Bxf8+ 57. Kxf8 b3 58. a3 Kd4 59. Bd1 Kc3 60.
Bf3 Kd4 61. Bd1 1/2-1/2

[Event "MCech mladeze 2018 - HD14"]
[Site "Harrachov"]
[Date "2018.10.30"]
[Round "4"]
[White "Brozka, Karel"]
[Black "Dudek, Vojtech"]
[Result "1/2-1/2"]
[WhiteElo "1717"]
[BlackElo "2002"]
[PlyCount "51"]
[EventDate "2018.10.27"]

1. d4 Nf6 2. Nf3 c5 3. c3 e6 4. g3 b6 5. Bg2 Bb7 6. Bg5 Be7 7. O-O Ne4 8. Bxe7
Qxe7 9. Nbd2 Nxd2 10. Qxd2 cxd4 11. cxd4 O-O 12. Rac1 d5 13. Ne5 f6 14. Nd3 Nc6
15. e3 Rac8 16. Rc2 Na5 17. Rfc1 Nc4 18. Qe1 Nd6 19. Rxc8 Rxc8 20. Rxc8+ Bxc8
21. Qc3 Qd8 22. Nf4 Bd7 23. Bh3 Kf7 24. Qc2 g6 25. Bg2 Qc8 26. Qxc8 1/2-1/2

[Event "MCech mladeze 2018 - HD14"]
[Site "Harrachov"]
[Date "2018.10.30"]
[Round "4"]
[White "Rokos, Filip"]
[Black "Jun, Rudolf"]
[Result "1/2-1/2"]
[WhiteElo "1962"]
[BlackElo "1880"]
[PlyCount "65"]
[EventDate "2018.10.27"]

1. e4 c5 2. Nf3 e6 3. d4 cxd4 4. Nxd4 Nf6 5. Nc3 d6 6. Be3 Be7 7. h3 O-O 8. g4
a6 9. Bg2 Qc7 10. O-O Nc6 11. Qe2 Na5 12. Rad1 Rb8 13. g5 Nd7 14. f4 Re8 15.
Qf2 Nc4 16. f5 Nde5 17. Bc1 b5 18. h4 b4 19. Nce2 exf5 20. Nxf5 Bf8 21. Qg3
Bxf5 22. exf5 Qc5+ 23. Kh1 Nd7 24. Nd4 d5 25. g6 hxg6 26. fxg6 fxg6 27. Nb3 Qe7
28. Bxd5+ Kh8 29. Rde1 Qd6 30. Qxd6 Nxd6 31. Rxe8 Nxe8 32. Be3 Nef6 33. Bc4
1/2-1/2

[Event "MCech mladeze 2018 - HD14"]
[Site "Harrachov"]
[Date "2018.10.30"]
[Round "4"]
[White "Jares, Michal"]
[Black "Skypala, Ondrej"]
[Result "1/2-1/2"]
[WhiteElo "1893"]
[BlackElo "1702"]
[PlyCount "40"]
[EventDate "2018.10.27"]

1. d4 Nf6 2. Nf3 d6 3. g3 Nbd7 4. Bg2 g6 5. O-O Bg7 6. c4 O-O 7. Nc3 Re8 8. e4
e5 9. Re1 exd4 10. Nxd4 a5 11. b3 Nc5 12. Bb2 c6 13. Qc2 Qc7 14. Rad1 Bd7 15.
Ba3 Bf8 16. h3 Qc8 17. Kh2 Re5 18. Nf3 Rh5 19. h4 b5 20. cxb5 cxb5 1/2-1/2

[Event "MCech mladeze 2018 - HD14"]
[Site "Harrachov"]
[Date "2018.10.30"]
[Round "4"]
[White "Mach, Petr"]
[Black "Juchelka, Marek"]
[Result "1-0"]
[WhiteElo "1869"]
[BlackElo "1453"]
[PlyCount "31"]
[EventDate "2018.10.27"]

1. c4 f5 2. g3 e6 3. Bg2 Nf6 4. Nf3 d5 5. O-O c6 6. d3 Bd6 7. Nc3 O-O 8. e4 Bb4
9. exd5 Bxc3 10. bxc3 exd5 11. cxd5 Nxd5 12. Qb3 Kh8 13. Ba3 Re8 14. Rfe1 Nd7
15. Ng5 Ne5 16. Rxe5 1-0

[Event "MCech mladeze 2018 - HD14"]
[Site "Harrachov"]
[Date "2018.10.30"]
[Round "4"]
[White "Flajsman, Petr"]
[Black "Ret, Adam Josef"]
[Result "1/2-1/2"]
[WhiteElo "1751"]
[BlackElo "1859"]
[PlyCount "31"]
[EventDate "2018.10.27"]

1. e4 c5 2. Nf3 d6 3. d4 cxd4 4. Nxd4 Nf6 5. Nc3 a6 6. f3 Qc7 7. Be3 e5 8. Nb3
Be6 9. Qd2 Nbd7 10. O-O-O O-O-O 11. Be2 Be7 12. g4 h6 13. h4 Nb6 14. g5 hxg5
15. hxg5 Nfd7 16. Na5 1/2-1/2

[Event "MCech mladeze 2018 - HD14"]
[Site "Harrachov"]
[Date "2018.10.30"]
[Round "4"]
[White "Habenicht, Martin"]
[Black "Prochazka, Vojtech"]
[Result "0-1"]
[WhiteElo "1729"]
[BlackElo "1601"]
[PlyCount "70"]
[EventDate "2018.10.27"]

1. d4 d5 2. Nf3 e6 3. g3 c6 4. Bg2 Nf6 5. O-O Nbd7 6. c4 Be7 7. Nbd2 O-O 8. Qc2
b6 9. Re1 Bb7 10. e4 dxe4 11. Nxe4 Nxe4 12. Qxe4 Nf6 13. Qe2 Qc8 14. Bd2 Rd8
15. Rac1 Bf8 16. Bg5 Qc7 17. c5 bxc5 18. dxc5 Be7 19. b4 a5 20. b5 cxb5 21.
Qxb5 Ba6 22. Qb6 Qxb6 23. cxb6 Bb4 24. Nd2 Rab8 25. Bf4 Bd6 26. Bxd6 Rxd6 27.
Nc4 Bxc4 28. Rxc4 Rdxb6 29. Ra4 Rb5 30. Rd1 g6 31. Bf3 Rb1 32. Rxa5 Rxd1+ 33.
Bxd1 Rb1 34. Ra8+ Kg7 35. Rd8 Nd5 0-1

[Event "MCech mladeze 2018 - HD14"]
[Site "Harrachov"]
[Date "2018.10.30"]
[Round "4"]
[White "Kotal, Vit"]
[Black "Hak, David"]
[Result "0-1"]
[WhiteElo "1514"]
[BlackElo "1946"]
[PlyCount "106"]
[EventDate "2018.10.27"]

1. e4 e5 2. Nf3 Nf6 3. Nxe5 d6 4. Nf3 Nxe4 5. d3 Nf6 6. Nc3 d5 7. g3 Bb4 8. Bd2
O-O 9. Bg2 Re8+ 10. Kf1 c6 11. a3 Bd6 12. b4 Qe7 13. Ne2 a5 14. c3 axb4 15.
cxb4 Na6 16. Nf4 Bd7 17. h4 Ng4 18. Qc2 Bxf4 19. Bxf4 Nxb4 20. Qd2 Na6 21. Bh3
Nc5 22. Re1 Nb3 23. Qb2 Qc5 24. Rxe8+ Rxe8 25. Bxg4 Bxg4 26. Ne5 Bd1 27. Kg2
Qc2 28. Qxc2 Bxc2 29. Re1 Re6 30. Kf1 f6 31. Nf3 Bxd3+ 32. Kg2 Be4 33. Kf1 Kf7
34. Re3 Bxf3 35. Rxb3 Be2+ 36. Kg2 Ba6 37. Be3 Re4 38. Kf3 Ke6 39. Bf4 f5 40.
Rb4 Be2+ 41. Kg2 Rxb4 42. axb4 d4 43. f3 Kd5 44. Kf2 Bb5 45. Ke1 Kc4 46. Be5 g6
47. Kd2 b6 48. Bc7 c5 49. bxc5 bxc5 50. Bd6 Kd5 51. Bf8 c4 52. Kc2 Ba4+ 53. Kd2
c3+ 0-1

[Event "MCech mladeze 2018 - HD14"]
[Site "Harrachov"]
[Date "2018.10.30"]
[Round "4"]
[White "Ruzicka, Filip"]
[Black "Pecka, Jan"]
[Result "0-1"]
[WhiteElo "1699"]
[BlackElo "1515"]
[PlyCount "102"]
[EventDate "2018.10.27"]

1. e4 c5 2. d4 cxd4 3. c3 d3 4. Bxd3 d6 5. Nf3 Nf6 6. Be3 g6 7. O-O Bg7 8. Qd2
O-O 9. Bh6 Nc6 10. Bxg7 Kxg7 11. Na3 a6 12. Nc2 Bd7 13. Rfe1 Rc8 14. Ncd4 Na5
15. Qe2 Re8 16. Rad1 Qc7 17. e5 dxe5 18. Nxe5 Nc6 19. Ndxc6 Bxc6 20. Bc4 e6 21.
Nxc6 Qxc6 22. Bb3 Qc5 23. h3 Red8 24. Qf3 Qb6 25. Qf4 Rxd1 26. Rxd1 Rd8 27.
Rxd8 Qxd8 28. Qe3 Qd7 29. Kf1 Kf8 30. Ke2 Ke7 31. Qc5+ Qd6 32. Qxd6+ Kxd6 33.
Ke3 Nd5+ 34. Kf3 Ke5 35. Bc2 f5 36. g3 g5 37. Ba4 b5 38. Bc2 a5 39. Bd3 b4 40.
cxb4 Nxb4 41. Bc4 Nd5 42. Bb5 Kd4 43. Bd7 Ke5 44. a3 Nb6 45. Bb5 Kd4 46. Ke2 e5
47. Kd2 e4 48. b3 f4 49. Bc6 Nd5 50. Bxd5 Kxd5 51. Kc3 e3 0-1

[Event "MCech mladeze 2018 - HD14"]
[Site "Harrachov"]
[Date "2018.10.30"]
[Round "4"]
[White "Beran, Jakub"]
[Black "Langmajer, Jan"]
[Result "1/2-1/2"]
[WhiteElo "1663"]
[BlackElo "1464"]
[PlyCount "68"]
[EventDate "2018.10.27"]

1. e4 c5 2. Nf3 e6 3. d4 cxd4 4. Nxd4 a6 5. Nc3 Qc7 6. a3 Nc6 7. Nxc6 Qxc6 8.
Bf4 Bc5 9. Bd3 Nf6 10. e5 Qxg2 11. Rf1 Nd5 12. Be4 Nxc3 13. Bxg2 Nxd1 14. Kxd1
Ke7 15. Kd2 d5 16. b4 Ba7 17. Rae1 b5 18. Bg5+ Kd7 19. c3 Bb7 20. Be3 Bxe3+ 21.
fxe3 Ke7 22. Re2 a5 23. Ref2 Rhf8 24. Rc1 f5 25. Bf1 Bc6 26. Rg2 Kf7 27. Rg3
Bd7 28. Be2 Rfc8 29. Rgg1 axb4 30. axb4 Ra2+ 31. Rc2 Rca8 32. Rgc1 Kg6 33. h4
Kh6 34. Rg1 g6 1/2-1/2

[Event "MCech mladeze 2018 - HD14"]
[Site "Harrachov"]
[Date "2018.10.30"]
[Round "4"]
[White "Soucek, Petr"]
[Black "Bauer, Jan"]
[Result "1-0"]
[WhiteElo "1497"]
[BlackElo "1620"]
[PlyCount "59"]
[EventDate "2018.10.27"]

1. d4 Nf6 2. c4 c5 3. d5 b5 4. cxb5 a6 5. bxa6 g6 6. Nc3 Bxa6 7. Nf3 d6 8. g3
Bg7 9. Bg2 O-O 10. O-O Nbd7 11. Rb1 Ne8 12. Re1 Bc4 13. a4 Qb6 14. Nd2 Ba6 15.
Qc2 Nc7 16. b3 Ne5 17. h3 f5 18. Nf3 Rab8 19. Bf4 Nxf3+ 20. Bxf3 Qb4 21. Na2
Qa5 22. Bd2 Qb6 23. b4 Bb7 24. bxc5 Qxc5 25. Qxc5 dxc5 26. Bf4 Rfc8 27. d6 Bxf3
28. Rxb8 Rxb8 29. dxc7 Rc8 30. exf3 1-0

[Event "MCech mladeze 2018 - HD14"]
[Site "Harrachov"]
[Date "2018.10.30"]
[Round "4"]
[White "Husa, Daniel"]
[Black "Handlovsky, Jachym"]
[Result "1/2-1/2"]
[WhiteElo "1605"]
[BlackElo "1233"]
[PlyCount "70"]
[EventDate "2018.10.27"]

1. d4 d5 2. c4 e6 3. g3 c5 4. Bg2 Nf6 5. Nf3 Nc6 6. O-O Be7 7. Nc3 O-O 8. e3
dxc4 9. dxc5 Qa5 10. Qe2 Qxc5 11. Rd1 b6 12. Nd4 Bb7 13. Na4 Nxd4 14. Rxd4 Qc7
15. Rxc4 Qb8 16. Rc2 Bxg2 17. Kxg2 Rc8 18. Rxc8+ Qxc8 19. b3 Qc6+ 20. f3 b5 21.
Nb2 Ba3 22. Nd3 Bd6 23. Bb2 Qb7 24. Rc1 Rc8 25. Qd2 Rxc1 26. Qxc1 Nd5 27. e4
Nb4 28. Nxb4 Bxb4 29. Qg5 Bf8 30. Qd8 Qa6 31. Bxg7 Qxa2+ 32. Kh3 Kxg7 33. Qg5+
Kh8 34. Qf6+ Kg8 35. Qg5+ Bg7 1/2-1/2

[Event "MCech mladeze 2018 - HD14"]
[Site "Harrachov"]
[Date "2018.10.30"]
[Round "4"]
[White "Papousek, Michal"]
[Black "Studenovsky, Jaroslav"]
[Result "1-0"]
[WhiteElo "1587"]
[BlackElo "1285"]
[PlyCount "67"]
[EventDate "2018.10.27"]

1. c4 c5 2. Nc3 g6 3. g3 Bg7 4. Bg2 Nf6 5. e3 O-O 6. Nge2 Nc6 7. O-O d6 8. d4
e6 9. a3 Qc7 10. Nb5 Qe7 11. Rb1 a6 12. Nbc3 Rb8 13. b4 cxd4 14. exd4 Rd8 15.
Re1 Qf8 16. Qb3 e5 17. d5 Ne7 18. f4 exf4 19. Bxf4 Bh6 20. Rbd1 Bg4 21. Rd2
Bxe2 22. Bxh6 Qxh6 23. Rdxe2 Nf5 24. Qb2 Re8 25. b5 Rec8 26. Na4 Qg7 27. Nb6
Re8 28. Nd7 Rxe2 29. Nxf6+ Kh8 30. Rxe2 Rf8 31. bxa6 bxa6 32. g4 Nh6 33. g5 Nf5
34. Bh3 1-0

[Event "MCech mladeze 2018 - HD14"]
[Site "Harrachov"]
[Date "2018.10.30"]
[Round "4"]
[White "Ocelak, Jakub"]
[Black "Stocek, Martin"]
[Result "1/2-1/2"]
[WhiteElo "1472"]
[BlackElo "1575"]
[EventDate "2018.10.27"]
[PlyCount "61"]

1. d4 Nf6 2. c4 d5 3. g3 c6 4. Nd2 Bf5 5. Bg2 e6 6. Ngf3 h6 7. Ne5 Nbd7 8. Ndf3
Be7 9. b3 O-O 10. O-O Nxe5 11. Nxe5 Nd7 12. Nf3 Bf6 13. Ba3 Re8 14. Rc1 Qa5 15.
Bd6 Qxa2 16. Ra1 Qc2 17. Qxc2 Bxc2 18. c5 Be4 19. e3 Be7 20. Bxe7 Rxe7 21. Ra4
b6 22. b4 bxc5 23. bxc5 Nf6 24. Ne5 Bxg2 25. Kxg2 Rc7 26. Ra6 Rac8 27. Rfa1 Nd7
28. Nxd7 Rxd7 29. Rxa7 Rxa7 30. Rxa7 g5 31. g4 1/2-1/2

[Event "MCech mladeze 2018 - HD14"]
[Site "Harrachov"]
[Date "2018.10.30"]
[Round "4"]
[White "Trasakova, Adela"]
[Black "Kulhanek, Jachym"]
[Result "0-1"]
[WhiteElo "1293"]
[BlackElo "1553"]
[EventDate "2018.10.27"]
[PlyCount "46"]

1. d4 Nf6 2. Bf4 e6 3. Nf3 b6 4. Nbd2 Bb7 5. c3 d6 6. e3 Nbd7 7. Bd3 Qe7 8. e4
e5 9. dxe5 dxe5 10. Be3 g6 11. O-O Bg7 12. b4 O-O 13. Qb3 Rfd8 14. Bg5 h6 15.
Bh4 g5 16. Bg3 Nf8 17. Nxe5 Nh5 18. Nxf7 Rxd3 19. Ne5+ Bd5 20. Ndc4 Nxg3 21.
Nxd3 Ne2+ 22. Kh1 Qxe4 23. Nd2 Qxg2# 0-1

[Event "MCech mladeze 2018 - HD14"]
[Site "Harrachov"]
[Date "2018.10.30"]
[Round "4"]
[White "Vaclavik, Jan"]
[Black "Podlipsky, Petr"]
[Result "1/2-1/2"]
[WhiteElo "1544"]
[BlackElo "1460"]
[EventDate "2018.10.27"]
[PlyCount "50"]

1. e4 c5 2. Nf3 g6 3. d4 cxd4 4. Nxd4 Bg7 5. Be3 Nc6 6. Nc3 Nf6 7. Bc4 a6 8.
Bb3 O-O 9. f3 Rb8 10. Qd2 b5 11. h4 b4 12. Nd5 Nxd5 13. Bxd5 Bb7 14. h5 e6 15.
Bb3 Qf6 16. O-O-O a5 17. g4 Ne5 18. Rdf1 gxh5 19. Bg5 Nxf3 20. Bxf6 Nxd2 21.
Kxd2 Bxf6 22. Rxf6 Kg7 23. Rf2 hxg4 24. Rf4 f5 25. Rh4 Bxe4 1/2-1/2

[Event "MCech mladeze 2018 - HD14"]
[Site "Harrachov"]
[Date "2018.10.30"]
[Round "4"]
[White "Ocenasek, Jan"]
[Black "Merinsky, Vaclav"]
[Result "0-1"]
[WhiteElo "1391"]
[BlackElo "1686"]
[PlyCount "83"]
[EventDate "2018.10.27"]

1. e4 e5 2. Nf3 Nc6 3. Bb5 Nf6 4. d3 d6 5. O-O Be7 6. h3 a6 7. Ba4 O-O 8. c3 b5
9. Bc2 Bb7 10. Re1 Qd7 11. d4 exd4 12. cxd4 Nb4 13. Nbd2 Nxc2 14. Qxc2 Rfd8 15.
Nf1 Qc6 16. Qxc6 Bxc6 17. d5 Bb7 18. Nd4 Bf8 19. f3 Nxd5 20. Bd2 Nb6 21. Ba5
Nc4 22. Bxc7 Rac8 23. b3 Rxc7 24. bxc4 Rxc4 25. Nb3 Rc7 26. Ne3 Rcd7 27. Red1
Rc7 28. Rd2 g6 29. Nd5 Bxd5 30. Rxd5 Rdc8 31. Rad1 Rc2 32. R5d2 Bh6 33. Rxc2
Rxc2 34. Ra1 Bg7 35. Rd1 Rxa2 36. Rxd6 a5 37. Rd8+ Bf8 38. Rd5 a4 39. Nd4 b4
40. Rb5 a3 41. Ra5 Rb2 42. Kh2 0-1

[Event "MCech mladeze 2018 - HD14"]
[Site "Harrachov"]
[Date "2018.10.30"]
[Round "4"]
[White "Vestfal, Jan"]
[Black "Semova, Lada"]
[Result "1-0"]
[WhiteElo "1593"]
[BlackElo "1300"]
[EventDate "2018.10.27"]
[PlyCount "67"]

1. e4 e5 2. Nf3 Nc6 3. Bc4 Bc5 4. c3 Nf6 5. d3 O-O 6. O-O d5 7. exd5 Nxd5 8. b4
Be7 9. b5 Na5 10. Nxe5 Bf6 11. f4 Nxc3 12. Nxc3 Qd4+ 13. Kh1 Qxc3 14. Bd2 Qa3
15. Bxa5 Qxa5 16. Qb3 Bf5 17. Bxf7+ Kh8 18. Rad1 a6 19. Bc4 axb5 20. Nf7+ Rxf7
21. Bxf7 Rd8 22. Rfe1 Bxd3 23. Qxd3 h6 24. Bg6 Rg8 25. Qd5 Qa8 26. Re3 c6 27.
Qb3 Rf8 28. Rde1 Qa5 29. Re8 Qxe1+ 30. Rxe1 b6 31. Qf7 Be7 32. Rxe7 Rxf7 33.
Re8+ Rf8 34. Rxf8# 1-0

[Event "MCech mladeze 2018 - HD14"]
[Site "Harrachov"]
[Date "2018.10.30"]
[Round "4"]
[White "Starikova, Vassilina"]
[Black "Matejicek, Vojtech"]
[Result "0-1"]
[WhiteElo "1327"]
[BlackElo "1588"]
[EventDate "2018.10.27"]
[PlyCount "60"]

1. e4 c5 2. c3 d5 3. exd5 Qxd5 4. d4 Nc6 5. Be3 g6 6. dxc5 Qxd1+ 7. Kxd1 Bf5 8.
Nd2 Bg7 9. Bb5 Nf6 10. Ke2 O-O 11. Ngf3 Rad8 12. Rad1 Nd5 13. Nc4 Bxc3 14. Bxc6
bxc6 15. Bd2 Bxd2 16. Nfxd2 Nf4+ 17. Kf3 Ne6 18. b4 Rd3+ 19. Ne3 Nd4+ 20. Kf4
Ne2+ 21. Kf3 Nc3 22. Rde1 Rxd2 23. Nxf5 gxf5 24. Rxe7 Rd3+ 25. Kf4 Nd5+ 26.
Kxf5 Nxe7+ 27. Ke4 Rfd8 28. Ke5 Ng6+ 29. Kf6 Rd1 30. Rxd1 Rxd1 0-1

[Event "MCech mladeze 2018 - HD14"]
[Site "Harrachov"]
[Date "2018.10.30"]
[Round "4"]
[White "Pulpan, Ondrej"]
[Black "Maresova, Michaela"]
[Result "1-0"]
[WhiteElo "1571"]
[BlackElo "1327"]
[PlyCount "77"]
[EventDate "2018.10.27"]

1. e4 d5 2. exd5 Qxd5 3. Nc3 Qa5 4. d4 c6 5. Nf3 Bf5 6. Bc4 Nd7 7. O-O e6 8.
Bf4 Be7 9. Re1 Ngf6 10. h3 O-O 11. Qe2 Rac8 12. Rad1 Rfd8 13. a3 a6 14. Nh4 Bg6
15. Nxg6 hxg6 16. Bxe6 fxe6 17. Qxe6+ Kh8 18. Qxe7 Re8 19. Qb4 Qf5 20. Be3 Qxc2
21. Rd2 Qf5 22. Qxb7 a5 23. Qb3 Rcd8 24. Qc2 Qxc2 25. Rxc2 Nb6 26. Rce2 Nfd5
27. Nxd5 Rxd5 28. Kf1 Re6 29. Rc2 Kg8 30. Rec1 Rdd6 31. Bf4 Rxd4 32. Be3 Red6
33. Bxd4 Rxd4 34. Rxc6 Na4 35. R6c4 Rxc4 36. Rxc4 Nxb2 37. Rd4 Kf7 38. Ke2 Ke6
39. Kd2 1-0

[Event "MCech mladeze 2018 - HD14"]
[Site "Harrachov"]
[Date "2018.10.31"]
[Round "5"]
[White "Dudek, Vojtech"]
[Black "Mach, Petr"]
[Result "0-1"]
[WhiteElo "2002"]
[BlackElo "1869"]
[PlyCount "92"]
[EventDate "2018.10.27"]

1. d4 Nf6 2. Bf4 g6 3. Nc3 d5 4. Qd2 Bg7 5. O-O-O O-O 6. f3 c5 7. dxc5 Nbd7 8.
Nxd5 Nxd5 9. Qxd5 Qa5 10. Bd2 Qc7 11. e4 Nxc5 12. Be3 b6 13. Qxa8 Be6 14. Qxf8+
Bxf8 15. Ne2 Bxa2 16. Nc3 Be6 17. Nb5 Qb7 18. Nd4 Bd7 19. Bc4 e5 20. Nb3 Nxb3+
21. Bxb3 a5 22. Rd2 a4 23. Rhd1 axb3 24. Rxd7 Qc6 25. R7d2 Bb4 26. Re2 Kg7 27.
c3 Qc4 28. Rf2 Bxc3 29. bxc3 Qxc3+ 30. Kb1 Qxe3 31. Rfd2 Qc3 32. Re2 Kh6 33.
Rdd2 Kg5 34. Rd1 h5 35. Rdd2 Kf4 36. Rf2 f5 37. Rfe2 Kg5 38. Rd1 Kf6 39. Rd6+
Ke7 40. Rd1 fxe4 41. fxe4 Qc4 42. Rdd2 Qc3 43. Rd1 h4 44. Rdd2 h3 45. gxh3 Kf6
46. Rg2 Kg7 0-1

[Event "MCech mladeze 2018 - HD14"]
[Site "Harrachov"]
[Date "2018.10.31"]
[Round "5"]
[White "Skypala, Ondrej"]
[Black "Rokos, Filip"]
[Result "1/2-1/2"]
[WhiteElo "1702"]
[BlackElo "1962"]
[PlyCount "37"]
[EventDate "2018.10.27"]

1. c4 e6 2. Nc3 d5 3. e3 Nf6 4. cxd5 exd5 5. Nge2 Be7 6. g3 O-O 7. Bg2 c6 8.
O-O Nbd7 9. d4 Re8 10. f3 c5 11. Kh1 b6 12. e4 cxd4 13. Nxd4 Bb7 14. exd5 Nxd5
15. Nxd5 Bxd5 16. Nf5 Nc5 17. Nxe7+ Rxe7 18. Bg5 f6 19. Bf4 1/2-1/2

[Event "MCech mladeze 2018 - HD14"]
[Site "Harrachov"]
[Date "2018.10.31"]
[Round "5"]
[White "Prochazka, Vojtech"]
[Black "Brozka, Karel"]
[Result "1-0"]
[WhiteElo "1601"]
[BlackElo "1717"]
[PlyCount "71"]
[EventDate "2018.10.27"]

1. e4 e6 2. d4 d5 3. Nd2 c5 4. exd5 exd5 5. Bb5+ Nc6 6. Qe2+ Be7 7. dxc5 Nf6 8.
Ngf3 O-O 9. O-O Bxc5 10. Nb3 Bd6 11. c3 Bc7 12. Bg5 Bg4 13. Bh4 Ne5 14. Nbd4 a6
15. Ba4 b5 16. Bd1 Re8 17. Qc2 Ng6 18. Bg3 Nf4 19. Nh4 Bxd1 20. Raxd1 Ne4 21.
Qc1 Qg5 22. Nhf3 Qf6 23. Qc2 Rac8 24. a3 h5 25. Rfe1 g5 26. Ne2 Nh3+ 27. gxh3
Qxf3 28. Nd4 Qf6 29. Bxc7 Rxc7 30. f3 Nd6 31. Rxe8+ Nxe8 32. Qf5 Kg7 33. Qxd5
Nd6 34. Qxd6 Qxd6 35. Nf5+ Kf8 36. Rxd6 1-0

[Event "MCech mladeze 2018 - HD14"]
[Site "Harrachov"]
[Date "2018.10.31"]
[Round "5"]
[White "Jun, Rudolf"]
[Black "Flajsman, Petr"]
[Result "1-0"]
[WhiteElo "1880"]
[BlackElo "1751"]
[PlyCount "113"]
[EventDate "2018.10.27"]

1. e4 c5 2. c4 Nc6 3. Nf3 e5 4. a3 a5 5. Nc3 d6 6. Be2 f5 7. exf5 Bxf5 8. d3
Nf6 9. O-O Be7 10. Nh4 Be6 11. f4 O-O 12. f5 Bd7 13. Bg5 Ne8 14. Bxe7 Qxe7 15.
g3 Nc7 16. Bf3 Be8 17. Nd5 Nxd5 18. Bxd5+ Kh8 19. Qg4 Qf6 20. Rf2 g5 21. Ng2 h5
22. Qe4 Rb8 23. Ne3 Nd8 24. Raf1 Bc6 25. Qg2 Rc8 26. Qh3 Qh6 27. f6 Rc7 28. Nf5
Bd7 29. Qg2 Bxf5 30. Rxf5 Nf7 31. g4 h4 32. h3 b6 33. Be6 Nd8 34. Bd5 Nf7 35.
Qd2 Rg8 36. Be6 Qg6 37. Qg2 Rd8 38. Qd5 Kh7 39. Qe4 Kh6 40. Qd5 Qh7 41. Kg2 Qg6
42. Bxf7 Qxf7 43. Rxe5 dxe5 44. Qxd8 Kh7 45. Qd6 e4 46. dxe4 Rd7 47. Qe5 Qxc4
48. Rf2 Rf7 49. Qf5+ Kh6 50. e5 Qb3 51. Qf3 Qxf3+ 52. Kxf3 Kg6 53. Ke4 Rd7 54.
e6 Rd4+ 55. Ke5 Rf4 56. Rxf4 gxf4 57. f7 1-0

[Event "MCech mladeze 2018 - HD14"]
[Site "Harrachov"]
[Date "2018.10.31"]
[Round "5"]
[White "Hak, David"]
[Black "Soucek, Petr"]
[Result "1-0"]
[WhiteElo "1946"]
[BlackElo "1497"]
[PlyCount "55"]
[EventDate "2018.10.27"]

1. c4 Nf6 2. Nc3 g6 3. d4 d5 4. e3 Bg7 5. Nf3 O-O 6. Be2 dxc4 7. Bxc4 c5 8. O-O
cxd4 9. Nxd4 a6 10. a4 Qc7 11. Qe2 Nc6 12. Nxc6 Qxc6 13. e4 Nd7 14. Nd5 Re8 15.
Bg5 Nf6 16. Bb5 axb5 17. axb5 Rxa1 18. bxc6 Rxf1+ 19. Kxf1 bxc6 20. Nb4 Bb7 21.
Qd3 Ra8 22. Bxf6 Bxf6 23. Qd7 Ra1+ 24. Ke2 Ba6+ 25. Nxa6 Rxa6 26. Qc8+ Kg7 27.
Qxa6 Bxb2 28. Qxc6 1-0

[Event "MCech mladeze 2018 - HD14"]
[Site "Harrachov"]
[Date "2018.10.31"]
[Round "5"]
[White "Kulhanek, Jachym"]
[Black "Jares, Michal"]
[Result "0-1"]
[WhiteElo "1553"]
[BlackElo "1893"]
[PlyCount "82"]
[EventDate "2018.10.27"]

1. d4 Nf6 2. Nf3 g6 3. c4 Bg7 4. Nc3 O-O 5. e4 d6 6. Be2 e5 7. dxe5 dxe5 8.
Qxd8 Rxd8 9. Bg5 Nbd7 10. O-O-O Rf8 11. Nd5 Nxd5 12. cxd5 h6 13. Be3 f5 14. Bd3
f4 15. Bd2 a5 16. Bc3 g5 17. Nd2 Re8 18. f3 Bf8 19. Bb5 Bd6 20. Nc4 Re7 21.
Nxa5 Nf6 22. a3 g4 23. Nc4 gxf3 24. gxf3 Bh3 25. Nxd6 cxd6 26. Rhg1+ Kh7 27.
Bb4 Rd8 28. Bf1 Bxf1 29. Rdxf1 Rg7 30. Rxg7+ Kxg7 31. Rg1+ Kf7 32. Kd2 Nh7 33.
h4 Nf6 34. Rc1 Rd7 35. Rc8 Kg6 36. Ba5 Kh5 37. Rc7 Kxh4 38. Rxd7 Nxd7 39. Bc7
Kg3 40. Ke2 h5 41. Bxd6 h4 0-1

[Event "MCech mladeze 2018 - HD14"]
[Site "Harrachov"]
[Date "2018.10.31"]
[Round "5"]
[White "Ret, Adam Josef"]
[Black "Papousek, Michal"]
[Result "1-0"]
[WhiteElo "1859"]
[BlackElo "1587"]
[PlyCount "95"]
[EventDate "2018.10.27"]

1. d4 Nf6 2. c4 e5 3. dxe5 Ng4 4. Bf4 Nc6 5. Nf3 Bb4+ 6. Nbd2 Qe7 7. a3 Ngxe5
8. Nxe5 Nxe5 9. e3 Bxd2+ 10. Qxd2 O-O 11. Be2 d6 12. O-O f5 13. b4 Ng6 14. Bg3
Be6 15. Rac1 Rad8 16. Rfd1 Qg5 17. Bf3 b6 18. Bd5 Bxd5 19. Qxd5+ Kh8 20. Rd4
Qf6 21. Rcd1 h6 22. Qc6 Rc8 23. c5 dxc5 24. Qxf6 Rxf6 25. bxc5 bxc5 26. Rc4 Nf8
27. Rxc5 c6 28. Rd6 Rxd6 29. Bxd6 Ne6 30. Rxf5 c5 31. Rd5 c4 32. Rd2 Nd8 33.
Rc2 Nb7 34. Be5 Na5 35. Kf1 Kg8 36. Ke2 Nb3 37. Kf3 Rc5 38. Bd6 Rc6 39. Be5 Rc5
40. Bc3 Kf7 41. Ke4 g6 42. Bb4 Rb5 43. Rxc4 Rb7 44. Kd3 a5 45. Bc3 Ra7 46. Rc6
Kf8 47. Rxg6 Nc5+ 48. Ke2 1-0

[Event "MCech mladeze 2018 - HD14"]
[Site "Harrachov"]
[Date "2018.10.31"]
[Round "5"]
[White "Pecka, Jan"]
[Black "Merinsky, Vaclav"]
[Result "1/2-1/2"]
[WhiteElo "1515"]
[BlackElo "1686"]
[PlyCount "44"]
[EventDate "2018.10.27"]

1. e4 e5 2. f4 Bc5 3. Nf3 d6 4. Nc3 Nc6 5. Bb5 Bg4 6. Bxc6+ bxc6 7. fxe5 dxe5
8. d3 Ne7 9. Qe2 Ng6 10. Be3 Bb6 11. h3 Bd7 12. O-O O-O 13. Kh2 Qe7 14. g3 f6
15. Nd1 Qd6 16. Bd2 Rad8 17. Ne3 Bd4 18. Nxd4 exd4 19. Nf5 Bxf5 20. Rxf5 Ne5
21. Bf4 Qb4 22. Bc1 c5 1/2-1/2

[Event "MCech mladeze 2018 - HD14"]
[Site "Harrachov"]
[Date "2018.10.31"]
[Round "5"]
[White "Hampl, David"]
[Black "Beran, Jakub"]
[Result "1-0"]
[WhiteElo "1433"]
[BlackElo "1663"]
[PlyCount "77"]
[EventDate "2018.10.27"]

1. d4 d5 2. Bf4 Nc6 3. e3 Bf5 4. Nf3 a6 5. c4 e6 6. Nc3 Nf6 7. Be2 Bd6 8. Ne5
O-O 9. Qb3 dxc4 10. Bxc4 Na5 11. Qa4 Nxc4 12. Qxc4 Nh5 13. h4 Nxf4 14. exf4 b5
15. Qe2 Bxe5 16. Qxe5 Qd6 17. O-O Rad8 18. Rad1 Rd7 19. f3 h5 20. Ne4 Qxe5 21.
dxe5 Rfd8 22. Rxd7 Rxd7 23. Nc5 Rd2 24. Rf2 Rxf2 25. Kxf2 a5 26. Ke3 Kf8 27.
Kd4 Ke7 28. Nb3 a4 29. Nc1 Kd7 30. Kc5 c6 31. Ne2 Bd3 32. Nd4 Bc4 33. Nxc6 Bxa2
34. Kxb5 Bb3 35. Nd4 Bd1 36. Kc5 g6 37. Nb5 Ke7 38. Nc3 Bc2 39. Kb5 1-0